header

Managing the human factor in information security (Record no. 66489)

MARC details
000 -LEADER
fixed length control field 01502nam a2200349Ia 4500
082 04 - DEWEY DECIMAL CLASSIFICATION NUMBER
Classification number 658.4/78
100 1# - MAIN ENTRY--AUTHOR NAME
Personal name Lacey, David.
245 10 - TITLE STATEMENT
Title Managing the human factor in information security
260 ## - PUBLICATION, DISTRIBUTION, ETC. (IMPRINT)
Place of publication Chichester, West Sussex, England ;
-- Hoboken, NJ :
Name of publisher Wiley,
Year of publication c2009.
300 ## - PHYSICAL DESCRIPTION
Number of Pages xxiv, 374 p.
650 #0 - SUBJECT ADDED ENTRY--TOPICAL TERM
Topical Term Computer crimes
Topical Term Electronic data processing departments
Topical Term Industries
Topical Term Information technology
Topical Term Management information systems
Topical Term Management
856 40 - ELECTRONIC LOCATION AND ACCESS
Uniform Resource Identifier http://site.ebrary.com/lib/rucke/Doc?id=10300879

No items available.

© 2026 Rongo University
Contact us: librarian | system librarian | Rongo university